000 00341nam a2200145Ia 4500
999 _c14183
_d14183
003 OSt
005 20260214125839.0
008 260210s9999 xx 000 0 und d
020 _a9787568011877
082 _a712
100 _aHustp
245 0 _a100 Landscape Design: Commerce Residence Education
260 _bHustp
942 _cBPLAN
_2ddc